[Event "Scarborough Open"]
[Site "Scarborough"]
[Date "2023.10.28"]
[Round "3.21"]
[White "Rich, Aaron"]
[Black "Pal, Rohan"]
[Result "1/2-1/2"]
[WhiteElo "1583"]
[BlackElo "1920"]
[PlyCount "61"]
[EventDate "2023.10.27"]
[EventType "swiss"]
[EventRounds "5"]
[EventCountry "ENG"]
[SourceTitle "BritBase"]
[Source "John Saunders"]
[SourceDate "2023.11.11"]
[SourceVersion "1"]
[SourceVersionDate "2023.11.11"]
[SourceQuality "1"]

1. b3 e5 2. Bb2 Nc6 3. e3 g6 4. f4 Bg7 5. Nf3 d6 6. Bb5 Nge7 7. O-O O-O 8. d3
a6 9. Bxc6 Nxc6 10. Nbd2 h6 11. fxe5 dxe5 12. Nc4 Re8 13. e4 b5 14. Ne3 Be6 15.
Qe2 Nd4 16. Qf2 Qd7 17. Rad1 a5 18. c3 Nxf3+ 19. Qxf3 a4 20. c4 axb3 21. axb3
Ra2 22. Rf2 c6 23. h3 Qe7 24. Bc3 Qa3 25. Rb1 Rxf2 26. Qxf2 Rd8 27. Qc2 Qc5 28.
Re1 f5 29. exf5 gxf5 30. b4 Qa7 31. c5 1/2-1/2

[Event "Scarborough Open"]
[Site "Scarborough"]
[Date "2023.10.28"]
[Round "3.22"]
[White "Sheikh, Anum"]
[Black "Wise, David"]
[Result "1/2-1/2"]
[WhiteElo "1735"]
[BlackElo "2104"]
[PlyCount "32"]
[EventDate "2023.10.27"]
[EventType "swiss"]
[EventRounds "5"]
[EventCountry "ENG"]
[SourceTitle "BritBase"]
[Source "John Saunders"]
[SourceDate "2023.11.11"]
[SourceVersion "1"]
[SourceVersionDate "2023.11.11"]
[SourceQuality "1"]

1. e4 c5 2. Nf3 Nc6 3. d4 cxd4 4. Nxd4 e5 5. Nb5 d6 6. N1c3 a6 7. Na3 Be7 8.
Nd5 Nf6 9. Be3 O-O 10. Nxf6+ Bxf6 11. Nc4 Be6 12. Bb6 Qe7 13. Qxd6 Rac8 14.
Qxe7 Nxe7 15. Ne3 Rc6 16. Ba5 Bg5 1/2-1/2

[Event "Scarborough Open"]
[Site "Scarborough"]
[Date "2023.10.28"]
[Round "3.23"]
[White "Sheppard, Derek Alan"]
[Black "Gostelow, Luke"]
[Result "0-1"]
[WhiteElo "1669"]
[BlackElo "1815"]
[PlyCount "100"]
[EventDate "2023.10.27"]
[EventType "swiss"]
[EventRounds "5"]
[EventCountry "ENG"]
[SourceTitle "BritBase"]
[Source "John Saunders"]
[SourceDate "2023.11.11"]
[SourceVersion "1"]
[SourceVersionDate "2023.11.11"]
[SourceQuality "1"]

1. d4 Nf6 2. Nf3 e6 3. g3 c5 4. Bg2 d5 5. Nbd2 Nc6 6. Nb3 c4 7. Nbd2 h6 8. c3
Bd6 9. O-O Rb8 10. Re1 O-O 11. e4 Bc7 12. e5 Nh7 13. Nf1 b5 14. h4 b4 15. N3h2
bxc3 16. bxc3 Ba5 17. Bd2 Rb2 18. Qc1 Qb6 19. Rb1 Rxb1 20. Qxb1 Bd7 21. Qxb6
axb6 22. Rb1 Rb8 23. Nf3 b5 24. a3 Bc7 25. Ne3 Na5 26. Nc2 Nb3 27. Be1 Be8 28.
Bh3 Nf8 29. Na1 Na5 30. Nc2 Ra8 31. Nd2 Ng6 32. Bg4 Ne7 33. Kf1 Nc8 34. Bd1 f6
35. exf6 gxf6 36. Bg4 f5 37. Bd1 Nd6 38. f3 f4 39. g4 Bg6 40. Rb2 h5 41. g5 Nc6
42. Nb4 Nxb4 43. axb4 Ra3 44. Bc2 Nf5 45. Nb1 Ra1 46. Bxf5 Bxf5 47. Nd2 e5 48.
Ke2 Bd3+ 49. Kf2 exd4 50. cxd4 Bb6 0-1

[Event "Scarborough Open"]
[Site "Scarborough"]
[Date "2023.10.28"]
[Round "3.24"]
[White "Keely, Leo A"]
[Black "Han, Qixiang"]
[Result "0-1"]
[WhiteElo "1927"]
[BlackElo "1671"]
[PlyCount "94"]
[EventDate "2023.10.27"]
[EventType "swiss"]
[EventRounds "5"]
[EventCountry "ENG"]
[SourceTitle "BritBase"]
[Source "John Saunders"]
[SourceDate "2023.11.11"]
[SourceVersion "1"]
[SourceVersionDate "2023.11.11"]
[SourceQuality "1"]

1. e4 c5 2. Nc3 g6 3. f4 Bg7 4. Nf3 Nc6 5. Bb5 Nd4 6. O-O Nxb5 7. Nxb5 d5 8.
exd5 a6 9. Na3 Qxd5 10. d3 b5 11. c4 Qc6 12. Ne5 Qb6 13. Be3 b4 14. Nc2 Nf6 15.
d4 cxd4 16. Qxd4 Qb7 17. Qb6 Rb8 18. Qxb7 Rxb7 19. Bd4 O-O 20. b3 Ne4 21. Rfe1
Nd6 22. Nc6 Bf5 23. Bxg7 Kxg7 24. N2d4 e6 25. Rad1 Ne4 26. Nxf5+ gxf5 27. Ne5
h5 28. Nf3 Kh6 29. Re3 Rg8 30. Red3 Nc3 31. R1d2 f6 32. Nd4 Ne4 33. Rc2 Re8 34.
h3 Kg6 35. Nf3 Kf7 36. Rd4 e5 37. Rd5 Nc3 38. Ra5 e4 39. Ne1 Rd7 40. Kf1 Rd1
41. Rxa6 e3 42. Ra7+ Kg6 43. Rb7 e2+ 44. Kf2 Ne4+ 45. Kxe2 Nc3+ 46. Kf2 Rexe1
47. Rxb4 Ne4+ 0-1

[Event "Scarborough Open"]
[Site "Scarborough"]
[Date "2023.10.28"]
[Round "3.26"]
[White "Isaacs, Ruairi"]
[Black "Brencher, Paul"]
[Result "0-1"]
[WhiteElo "1457"]
[BlackElo "1870"]
[PlyCount "44"]
[EventDate "2023.10.27"]
[EventType "swiss"]
[EventRounds "5"]
[EventCountry "ENG"]
[SourceTitle "BritBase"]
[Source "John Saunders"]
[SourceDate "2023.11.11"]
[SourceVersion "1"]
[SourceVersionDate "2023.11.11"]
[SourceQuality "1"]

1. Nf3 Nf6 2. g3 d5 3. Bg2 c5 4. O-O Nc6 5. d3 g6 6. Nbd2 Bg7 7. e4 O-O 8. Nh4
e5 9. b3 Be6 10. Bb2 d4 11. Qe1 Nb4 12. Qd1 Qc7 13. a3 Nc6 14. f4 exf4 15. gxf4
Ng4 16. Qe2 Bf6 17. Nhf3 Qxf4 18. Nc4 Bxc4 19. Bc1 Bxd3 20. Qxd3 Qd6 21. h3
Nge5 22. Bf4 Qe7 0-1

[Event "Scarborough Open"]
[Site "Scarborough"]
[Date "2023.10.28"]
[Round "3.27"]
[White "De Sousa Muachikape, Jael J"]
[Black "Han, Qixuan"]
[Result "1-0"]
[WhiteElo "1782"]
[BlackElo "1532"]
[PlyCount "149"]
[EventDate "2023.10.27"]
[EventType "swiss"]
[EventRounds "5"]
[EventCountry "ENG"]
[SourceTitle "BritBase"]
[Source "John Saunders"]
[SourceDate "2023.11.11"]
[SourceVersion "1"]
[SourceVersionDate "2023.11.11"]
[SourceQuality "1"]

1. d4 d5 2. c4 c6 3. Nf3 Nf6 4. e3 Bf5 5. Nc3 e6 6. Nh4 Be4 7. f3 Bg6 8. Qb3
Qc7 9. Nxg6 hxg6 10. e4 dxe4 11. fxe4 Ng4 12. e5 Nd7 13. Bf4 Be7 14. Be2 Nh6
15. O-O-O g5 16. Bg3 Nf5 17. Bf2 a6 18. g4 Nh4 19. c5 b6 20. cxb6 Nxb6 21. Qc2
Qb7 22. Bd3 Rc8 23. Be4 Nd5 24. Na4 a5 25. Nc5 Qa7 26. Nd3 Qb7 27. Qa4 Nb4 28.
Nxb4 axb4 29. Kb1 O-O 30. Rc1 Ra8 31. Bxc6 Rxa4 32. Bxb7 b3 33. a3 Rb8 34. Rc7
Bd8 35. Rd7 Ra7 36. Bc6 Rxd7 37. Bxd7 Bb6 38. Rd1 Nf3 39. Bc6 Nxd4 40. Rxd4
Bxd4 41. Bxd4 Rd8 42. Be3 Rd1+ 43. Bc1 Re1 44. Ba4 Rxe5 45. Bxb3 Re4 46. Bd1 f6
47. a4 Rd4 48. Bb3 Kf7 49. a5 Rd6 50. Bc4 Rd4 51. b3 Rxg4 52. a6 Rh4 53. a7 Rh8
54. Ba3 f5 55. Bd6 Ra8 56. Bb8 f4 57. Be2 e5 58. Bf3 Rxa7 59. Bxa7 Kf6 60. Kc2
Kf5 61. Kd3 g4 62. Be4+ Kg5 63. Bf2 g3 64. hxg3 Kg4 65. b4 fxg3 66. Bg1 Kh3 67.
b5 g5 68. b6 g2 69. b7 g4 70. Bf5 Kg3 71. Bxg4 Kxg4 72. Ke4 Kg3 73. b8=Q Kg4
74. Qf8 Kh3 75. Kf5 1-0

[Event "Scarborough Open"]
[Site "Scarborough"]
[Date "2023.10.28"]
[Round "3.28"]
[White "Gosling, Marcus"]
[Black "Ridge, Michael"]
[Result "1/2-1/2"]
[WhiteElo "1916"]
[BlackElo "1783"]
[PlyCount "84"]
[EventDate "2023.10.27"]
[EventType "swiss"]
[EventRounds "5"]
[EventCountry "ENG"]
[SourceTitle "BritBase"]
[Source "John Saunders"]
[SourceDate "2023.11.11"]
[SourceVersion "1"]
[SourceVersionDate "2023.11.11"]
[SourceQuality "1"]

1. d4 Nf6 2. Bg5 g6 3. c4 Bg7 4. Nf3 c5 5. Nc3 cxd4 6. Nxd4 Nc6 7. e3 Qa5 8.
Bxf6 Bxf6 9. Be2 O-O 10. O-O Bg7 11. Nd5 e6 12. Nc3 Nxd4 13. exd4 d5 14. cxd5
exd5 15. Bf3 Be6 16. Qd2 Rac8 17. a3 Rfd8 18. Rfd1 a6 19. Qe3 b5 20. h3 Qb6 21.
Be2 h5 22. a4 b4 23. a5 Qa7 24. Na4 Rc6 25. Nc5 Bxd4 26. Qxd4 Qxc5 27. Qxc5
Rxc5 28. Rdc1 Rxc1+ 29. Rxc1 Rc8 30. Rxc8+ Bxc8 31. Kf1 Kg7 32. Ke1 Kf6 33. Kd2
Ke5 34. Kc2 Kd4 35. Kb3 Kc5 36. h4 d4 37. Kc2 Bf5+ 38. Kd2 d3 39. Bxd3 Bxd3 40.
Kxd3 Kb5 41. b3 Kxa5 42. Kc4 Kb6 1/2-1/2

[Event "Scarborough Open"]
[Site "Scarborough"]
[Date "2023.10.29"]
[Round "4.1"]
[White "Large, Peter G"]
[Black "Gormally, Daniel"]
[Result "1/2-1/2"]
[WhiteElo "2248"]
[BlackElo "2443"]
[PlyCount "36"]
[EventDate "2023.10.27"]
[EventType "swiss"]
[EventRounds "5"]
[EventCountry "ENG"]
[SourceTitle "BritBase"]
[Source "John Saunders"]
[SourceDate "2023.11.11"]
[SourceVersion "1"]
[SourceVersionDate "2023.11.11"]
[SourceQuality "1"]

1. e4 c5 2. Nc3 Nc6 3. Bb5 Nd4 4. Nf3 a6 5. Bd3 e6 6. O-O Ne7 7. Nxd4 cxd4 8.
Ne2 Nc6 9. c3 dxc3 10. dxc3 Bc5 11. Nf4 d6 12. Bc2 O-O 13. Qh5 Ne5 14. Nd3 Nxd3
15. Bxd3 e5 16. Bg5 Qe8 17. Rad1 Be6 18. Qe2 Rc8 1/2-1/2

[Event "Scarborough Open"]
[Site "Scarborough"]
[Date "2023.10.29"]
[Round "4.2"]
[White "Jackson, Edward"]
[Black "Potter, John M"]
[Result "1-0"]
[WhiteElo "2166"]
[BlackElo "1984"]
[PlyCount "91"]
[EventDate "2023.10.27"]
[EventType "swiss"]
[EventRounds "5"]
[EventCountry "ENG"]
[SourceTitle "BritBase"]
[Source "John Saunders"]
[SourceDate "2023.11.11"]
[SourceVersion "1"]
[SourceVersionDate "2023.11.11"]
[SourceQuality "1"]

1. e4 e6 2. d4 d5 3. Nd2 Nf6 4. e5 Nfd7 5. Bd3 c5 6. c3 Nc6 7. Ne2 cxd4 8. cxd4
f6 9. exf6 Nxf6 10. Nf3 Bd6 11. O-O Bd7 12. Re1 O-O 13. Bf4 Bxf4 14. Nxf4 Ne4
15. Bxe4 Rxf4 16. Bd3 Qf6 17. Bb5 Rf8 18. Bxc6 Bxc6 19. Re5 h6 20. Qe2 Rg4 21.
h3 Bb5 22. Qe3 Rg6 23. Nh2 Bd7 24. Ng4 Qf4 25. Rc1 Qxe3 26. Rxe3 Bc6 27. f3 Rf4
28. Rd3 Rg5 29. Kf2 h5 30. g3 Rxf3+ 31. Kxf3 hxg4+ 32. hxg4 e5 33. dxe5 Rxe5
34. Rd4 Kf7 35. Rc2 Kf6 36. Re2 g5 37. Rxe5 Kxe5 38. Ke3 a5 39. Rd2 Bd7 40. Rc2
d4+ 41. Kd3 Bb5+ 42. Kd2 Ba6 43. Rc5+ Ke4 44. Rxg5 Kf3 45. Rxa5 Kxg4 46. Rxa6
1-0

[Event "Scarborough Open"]
[Site "Scarborough"]
[Date "2023.10.29"]
[Round "4.3"]
[White "Badacsonyi, Stanley"]
[Black "Milson, Samuel A"]
[Result "1-0"]
[WhiteElo "2008"]
[BlackElo "2074"]
[PlyCount "21"]
[EventDate "2023.10.27"]
[EventType "swiss"]
[EventRounds "5"]
[EventCountry "ENG"]
[SourceTitle "BritBase"]
[Source "John Saunders"]
[SourceDate "2023.11.11"]
[SourceVersion "1"]
[SourceVersionDate "2023.11.11"]
[SourceQuality "1"]

1. d4 d5 2. Nc3 c5 3. Bf4 Nc6 4. e4 cxd4 5. exd5 dxc3 6. dxc6 Qxd1+ 7. Rxd1
bxc6 8. b3 Nf6 9. Bc4 Nd5 10. Rxd5 cxd5 11. Bxd5 1-0

[Event "Scarborough Open"]
[Site "Scarborough"]
[Date "2023.10.29"]
[Round "4.4"]
[White "White, Stuart A"]
[Black "Badacsonyi, Frankie"]
[Result "0-1"]
[WhiteElo "2024"]
[BlackElo "2061"]
[PlyCount "116"]
[EventDate "2023.10.27"]
[EventType "swiss"]
[EventRounds "5"]
[EventCountry "ENG"]
[SourceTitle "BritBase"]
[Source "John Saunders"]
[SourceDate "2023.11.11"]
[SourceVersion "1"]
[SourceVersionDate "2023.11.11"]
[SourceQuality "1"]

1. d4 d5 2. c4 e6 3. Nc3 a6 4. cxd5 exd5 5. Nf3 Nf6 6. Bg5 Be6 7. e3 Nbd7 8.
Bd3 Bd6 9. O-O c6 10. Re1 O-O 11. h3 h6 12. Bf4 Qc7 13. Bxd6 Qxd6 14. Nh4 Qe7
15. Nf5 Bxf5 16. Bxf5 g6 17. Bc2 h5 18. Qd2 Nb6 19. Rab1 Rad8 20. Bd3 a5 21.
Qc2 Nc8 22. Qa4 Qc7 23. b4 axb4 24. Qxb4 Nd6 25. Rec1 Ra8 26. Rb2 Rfd8 27. Na4
Qa5 28. Qxa5 Rxa5 29. Nc5 Ra7 30. Kf1 b5 31. Rcc2 Rda8 32. f3 Nc4 33. Bxc4 dxc4
34. a4 Nd5 35. Kf2 bxa4 36. Rxc4 a3 37. Ra2 Rb8 38. Na4 Rxa4 39. Rxa4 Rb2+ 40.
Rxb2 axb2 41. Ra8+ Kg7 42. Rb8 Nc3 43. Rxb2 Nd1+ 44. Ke2 Nxb2 45. Kd2 Nc4+ 46.
Kd3 Nd6 47. e4 Kf8 48. e5 Nb7 49. Kc4 Ke7 50. d5 cxd5+ 51. Kxd5 Nd8 52. g4 Ne6
53. gxh5 gxh5 54. h4 Ng7 55. Ke4 Ke6 56. Kf4 f6 57. exf6 Kxf6 58. Kg3 Kf5 0-1

[Event "Scarborough Open"]
[Site "Scarborough"]
[Date "2023.10.29"]
[Round "4.5"]
[White "Raju, Sooraj Menothuparam"]
[Black "Hutchinson, Paul A"]
[Result "1-0"]
[WhiteElo "1925"]
[BlackElo "2011"]
[PlyCount "115"]
[EventDate "2023.10.27"]
[EventType "swiss"]
[EventRounds "5"]
[EventCountry "ENG"]
[SourceTitle "BritBase"]
[Source "John Saunders"]
[SourceDate "2023.11.11"]
[SourceVersion "1"]
[SourceVersionDate "2023.11.11"]
[SourceQuality "1"]

1. e4 d5 2. exd5 Qxd5 3. Nc3 Qa5 4. Bc4 Nf6 5. d4 Bg4 6. Nge2 e6 7. f3 Bf5 8.
Ng3 Bg6 9. O-O Bb4 10. Nce4 Nbd7 11. c3 Be7 12. Qe2 O-O 13. a4 c5 14. dxc5 Nxe4
15. Nxe4 Bxe4 16. fxe4 Bxc5+ 17. Kh1 Qc7 18. Bf4 Bd6 19. g3 Ne5 20. Bb3 Ng6 21.
Qe3 h6 22. Rad1 Rad8 23. Bxd6 Rxd6 24. Rxd6 Qxd6 25. Rd1 Qc6 26. Bc2 a5 27. Qd4
Rc8 28. Kg1 Qc7 29. Qd6 Ne5 30. Qxc7 Rxc7 31. Kf2 Kf8 32. Rd8+ Ke7 33. Ra8 Nc4
34. b3 Nb6 35. Rxa5 Rxc3 36. Bd1 Nd7 37. b4 Kd6 38. Rb5 Kc7 39. e5 Ra3 40. Bf3
Rxa4 41. Rxb7+ Kc8 42. Rb5 Ra2+ 43. Kg1 Rc2 44. Ra5 Rc4 45. Ra8+ Kc7 46. Ra7+
Kd8 47. b5 Nxe5 48. Kf2 Rb4 49. Bc6 Nxc6 50. bxc6 Ke8 51. Ra8+ Ke7 52. c7 Rc4
53. c8=Q Rxc8 54. Rxc8 Kf6 55. Rc7 e5 56. Kf3 Ke6 57. g4 g6 58. Ke4 1-0

[Event "Scarborough Open"]
[Site "Scarborough"]
[Date "2023.10.29"]
[Round "4.6"]
[White "Longson, Sarah N"]
[Black "Wall, Timothy P"]
[Result "0-1"]
[WhiteElo "2006"]
[BlackElo "2216"]
[PlyCount "58"]
[EventDate "2023.10.27"]
[EventType "swiss"]
[EventRounds "5"]
[EventCountry "ENG"]
[SourceTitle "BritBase"]
[Source "John Saunders"]
[SourceDate "2023.11.11"]
[SourceVersion "1"]
[SourceVersionDate "2023.11.11"]
[SourceQuality "1"]

1. e4 e5 2. Nf3 Nc6 3. Bc4 Nf6 4. d3 d5 5. exd5 Nxd5 6. O-O Be7 7. Re1 f6 8. d4
Nb6 9. Bb5 O-O 10. Bxc6 bxc6 11. dxe5 Qxd1 12. Rxd1 Bg4 13. exf6 Bxf6 14. Nbd2
Rfe8 15. Re1 Rxe1+ 16. Nxe1 Re8 17. Ndf3 Bf5 18. Rb1 Na4 19. Kf1 c5 20. Bf4
Nxb2 21. Bxc7 Be6 22. Nd3 Bc4 23. Re1 Rc8 24. Bd6 Nxd3 25. cxd3 Bxd3+ 26. Kg1
c4 27. Ne5 Rd8 28. Bc7 Rd5 29. f4 Rc5 0-1

[Event "Scarborough Open"]
[Site "Scarborough"]
[Date "2023.10.29"]
[Round "4.7"]
[White "Fellowes, Billy"]
[Black "Birtwistle, Nigel"]
[Result "1/2-1/2"]
[WhiteElo "1759"]
[BlackElo "2129"]
[PlyCount "65"]
[EventDate "2023.10.27"]
[EventType "swiss"]
[EventRounds "5"]
[EventCountry "ENG"]
[SourceTitle "BritBase"]
[Source "John Saunders"]
[SourceDate "2023.11.11"]
[SourceVersion "1"]
[SourceVersionDate "2023.11.11"]
[SourceQuality "1"]

1. d4 Nf6 2. Bf4 d5 3. Nc3 a6 4. e3 e6 5. Nf3 c5 6. Ne5 Qb6 7. Rb1 cxd4 8. Qxd4
Qxd4 9. exd4 Nfd7 10. Nxd7 Bxd7 11. Bd3 Nc6 12. Na4 b5 13. Nb6 Ra7 14. c3 Rb7
15. Nxd7 Kxd7 16. Be3 a5 17. f4 g6 18. Kd2 h5 19. g3 Na7 20. h3 Nc8 21. b3 Nd6
22. Rhc1 Be7 23. Ke2 Bf6 24. a4 bxa4 25. bxa4 Rhb8 26. Rxb7+ Rxb7 27. Rb1 Rxb1
28. Bxb1 Kc6 29. Bd3 Be7 30. Bc1 Nc4 31. Kd1 f5 32. h4 Bd6 33. Bxc4 1/2-1/2

[Event "Scarborough Open"]
[Site "Scarborough"]
[Date "2023.10.29"]
[Round "4.9"]
[White "Dilleigh, Stephen P"]
[Black "Mitchell, Martin"]
[Result "1/2-1/2"]
[WhiteElo "2031"]
[BlackElo "2186"]
[PlyCount "70"]
[EventDate "2023.10.27"]
[EventType "swiss"]
[EventRounds "5"]
[EventCountry "ENG"]
[SourceTitle "BritBase"]
[Source "John Saunders"]
[SourceDate "2023.11.11"]
[SourceVersion "1"]
[SourceVersionDate "2023.11.11"]
[SourceQuality "1"]

1. Nf3 Nf6 2. c4 e6 3. Nc3 Bb4 4. Qc2 O-O 5. a3 Bxc3 6. Qxc3 d5 7. e3 b6 8. b4
c5 9. Bb2 Ba6 10. d3 Nbd7 11. Be2 Rc8 12. b5 Bb7 13. O-O Re8 14. Ne5 dxc4 15.
Nxd7 Qxd7 16. dxc4 e5 17. Rad1 Qe6 18. f3 Rc7 19. Rd2 Rd7 20. Rfd1 Ree7 21.
Rxd7 Nxd7 22. a4 f6 23. a5 bxa5 24. Qxa5 Nb6 25. Qa2 Nc8 26. Ba3 Rc7 27. Rd8+
Kf7 28. Qd2 Nb6 29. Rd6 Nxc4 30. Rxe6 Nxd2 31. Rd6 Nb1 32. Bb2 c4 33. Rd1 c3
34. Rxb1 cxb2 35. Rxb2 Bd5 1/2-1/2

[Event "Scarborough Open"]
[Site "Scarborough"]
[Date "2023.10.29"]
[Round "4.10"]
[White "Dasgupta, Avyukt"]
[Black "Rogerson, Mark W"]
[Result "1/2-1/2"]
[WhiteElo "1977"]
[BlackElo "2075"]
[PlyCount "29"]
[EventDate "2023.10.27"]
[EventType "swiss"]
[EventRounds "5"]
[EventCountry "ENG"]
[SourceTitle "BritBase"]
[Source "John Saunders"]
[SourceDate "2023.11.11"]
[SourceVersion "1"]
[SourceVersionDate "2023.11.11"]
[SourceQuality "1"]

1. e4 e5 2. Nf3 Nc6 3. Bb5 a6 4. Bxc6 dxc6 5. O-O f6 6. d4 exd4 7. Nxd4 c5 8.
Nb3 Qxd1 9. Rxd1 Bg4 10. f3 Be6 11. Be3 b6 12. Nc3 Bd6 13. Rd2 O-O-O 14. Rad1
Ne7 15. Nc1 1/2-1/2

[Event "Scarborough Open"]
[Site "Scarborough"]
[Date "2023.10.29"]
[Round "4.11"]
[White "Bharat Kumar, Balahari"]
[Black "Blackford, Ross"]
[Result "1-0"]
[WhiteElo "1936"]
[BlackElo "1779"]
[PlyCount "87"]
[EventDate "2023.10.27"]
[EventType "swiss"]
[EventRounds "5"]
[EventCountry "ENG"]
[SourceTitle "BritBase"]
[Source "John Saunders"]
[SourceDate "2023.11.11"]
[SourceVersion "1"]
[SourceVersionDate "2023.11.11"]
[SourceQuality "1"]

1. d4 d5 2. c4 e6 3. Nc3 f5 4. g3 Nf6 5. Bg2 c6 6. Nh3 Bd6 7. O-O O-O 8. Bf4
Bxf4 9. Nxf4 Qe8 10. e3 g5 11. Nh3 Qg6 12. f3 h5 13. e4 Rf7 14. Qc1 Rg7 15.
cxd5 exd5 16. e5 Ne8 17. f4 g4 18. Ng5 Na6 19. Ne2 Nec7 20. a3 Ne6 21. Nxe6
Bxe6 22. b4 Nc7 23. a4 a6 24. Qe3 Rh7 25. h4 Qe8 26. Rfc1 Rd7 27. Nc3 b5 28. a5
Rdd8 29. Nb1 Bd7 30. Nd2 Ne6 31. Nb3 Kf7 32. Bf1 Rdc8 33. Bd3 Nd8 34. Nc5 Be6
35. Qe2 Ra7 36. Qc2 Kg6 37. Nxe6 Qxe6 38. Qc5 Rb7 39. Bf1 Qf7 40. Bg2 Qd7 41.
Bxd5 Ne6 42. Bxe6 Qxe6 43. d5 cxd5 44. Qxc8 1-0

[Event "Scarborough Open"]
[Site "Scarborough"]
[Date "2023.10.29"]
[Round "4.12"]
[White "Alldritt, Nigel RE"]
[Black "Grillage, Andrew"]
[Result "1-0"]
[WhiteElo "1999"]
[BlackElo "1990"]
[PlyCount "71"]
[EventDate "2023.10.27"]
[EventType "swiss"]
[EventRounds "5"]
[EventCountry "ENG"]
[SourceTitle "BritBase"]
[Source "John Saunders"]
[SourceDate "2023.11.11"]
[SourceVersion "1"]
[SourceVersionDate "2023.11.11"]
[SourceQuality "1"]

1. d4 Nf6 2. c4 e6 3. g3 Bb4+ 4. Bd2 Bxd2+ 5. Qxd2 d6 6. Bg2 O-O 7. Nc3 Nc6 8.
e4 e5 9. d5 Nd4 10. Nge2 Nxe2 11. Nxe2 Qe7 12. O-O Bd7 13. b4 b6 14. Rfc1 a5
15. c5 Rfc8 16. c6 Be8 17. a3 Kh8 18. Qb2 Ng8 19. Nc3 f6 20. Nd1 Nh6 21. Ne3
Bg6 22. g4 Ng8 23. f3 Qf7 24. Nc4 axb4 25. axb4 Qe8 26. Rxa8 Rxa8 27. Ra1 Ne7
28. Rxa8 Qxa8 29. Qa3 Qc8 30. Qa7 Bxe4 31. Nxd6 cxd6 32. Qxe7 Bxd5 33. c7 Qa6
34. Bf1 Qa1 35. c8=Q+ Bg8 36. Qxg8+ 1-0

[Event "Scarborough Open"]
[Site "Scarborough"]
[Date "2023.10.29"]
[Round "4.13"]
[White "Han, Qixiang"]
[Black "Karumazondo, R Ernest"]
[Result "0-1"]
[WhiteElo "1671"]
[BlackElo "1934"]
[PlyCount "110"]
[EventDate "2023.10.27"]
[EventType "swiss"]
[EventRounds "5"]
[EventCountry "ENG"]
[SourceTitle "BritBase"]
[Source "John Saunders"]
[SourceDate "2023.11.11"]
[SourceVersion "1"]
[SourceVersionDate "2023.11.11"]
[SourceQuality "1"]

1. b3 Nf6 2. Bb2 g6 3. Nf3 Bg7 4. g3 O-O 5. Bg2 c5 6. c4 Nc6 7. O-O d6 8. d4
cxd4 9. Nxd4 Bd7 10. Nd2 Rc8 11. N2f3 Qa5 12. a3 a6 13. Rc1 Rfd8 14. Re1 Qh5
15. e4 Bg4 16. Qd3 Ne5 17. Qc3 Nxf3+ 18. Nxf3 Ne8 19. e5 b5 20. Qd3 dxe5 21.
Qe3 e4 22. Nd4 e5 23. Nc2 Bh6 24. Qxe4 Bf5 25. Qxe5 Bg7 26. Qf4 Bxb2 27. Ne3
Bxc1 28. Rxc1 Qe2 29. g4 Be6 30. Bf3 Qb2 31. Re1 Qxb3 32. Nd5 Qxc4 33. Ne7+ Kf8
34. Qg5 Rc5 35. Nxg6+ hxg6 36. Qxd8 Qf4 37. Bg2 Rc1 38. Qa5 Qa4 39. Qd2 Rxe1+
40. Qxe1 Qxa3 41. Bc6 Qd6 42. Qc1 Nf6 43. g5 Nh5 44. Bf3 Nf4 45. Qa1 Kg8 46. h4
Qd3 47. Bh1 Ne2+ 48. Kf1 Nc1+ 49. Kg1 Ne2+ 50. Kf1 Ng3+ 51. Kg1 Nxh1 52. Kxh1
Qh3+ 53. Kg1 Bd5 54. f3 Qg3+ 55. Kf1 Bc4# 0-1

[Event "Scarborough Open"]
[Site "Scarborough"]
[Date "2023.10.29"]
[Round "4.14"]
[White "Larchikov, Maksym"]
[Black "Garnett, John S"]
[Result "1-0"]
[WhiteElo "1845"]
[BlackElo "1805"]
[PlyCount "79"]
[EventDate "2023.10.27"]
[EventType "swiss"]
[EventRounds "5"]
[EventCountry "ENG"]
[SourceTitle "BritBase"]
[Source "John Saunders"]
[SourceDate "2023.11.11"]
[SourceVersion "1"]
[SourceVersionDate "2023.11.11"]
[SourceQuality "1"]

1. d4 d5 2. Nf3 Nf6 3. c4 c6 4. Nc3 dxc4 5. a4 Bf5 6. e3 e6 7. Bxc4 Bb4 8. O-O
O-O 9. Qe2 Nbd7 10. e4 Bg4 11. Rd1 Qa5 12. e5 Nd5 13. Nxd5 cxd5 14. Bd3 Bxf3
15. Qxf3 Rfc8 16. Bxh7+ Kxh7 17. Qxf7 Qc7 18. Qxe6 Qc6 19. Qh3+ Kg8 20. f4 Nf8
21. Qf3 Ne6 22. Be3 Rf8 23. f5 Nc7 24. h4 Qd7 25. Rf1 Be7 26. Qg4 Ne8 27. h5
Rc8 28. Rf3 Rc4 29. Raf1 Bd8 30. h6 Rc6 31. Rg3 Kh7 32. Rh3 Kg8 33. hxg7 Nxg7
34. e6 Qe7 35. Qg6 Rxe6 36. Qh7+ Kf7 37. fxe6+ Kxe6 38. Qg6+ Kd7 39. Rxf8 Qxf8
40. Rf3 1-0

[Event "Scarborough Open"]
[Site "Scarborough"]
[Date "2023.10.29"]
[Round "4.15"]
[White "Patel, Keatan"]
[Black "Skettos, Nicolas"]
[Result "1-0"]
[WhiteElo "1700"]
[BlackElo "1887"]
[PlyCount "103"]
[EventDate "2023.10.27"]
[EventType "swiss"]
[EventRounds "5"]
[EventCountry "ENG"]
[SourceTitle "BritBase"]
[Source "John Saunders"]
[SourceDate "2023.11.11"]
[SourceVersion "1"]
[SourceVersionDate "2023.11.11"]
[SourceQuality "1"]

1. c4 e5 2. Nc3 Bb4 3. Nd5 Bc5 4. b4 Bf8 5. a3 c6 6. Nc3 d5 7. cxd5 cxd5 8. d4
e4 9. Bf4 a6 10. e3 Be6 11. h3 Bd6 12. Nge2 Ne7 13. Bxd6 Qxd6 14. Nf4 O-O 15.
Be2 Nd7 16. O-O Nb6 17. Na4 Nxa4 18. Qxa4 Nc8 19. Nxe6 Qxe6 20. Rac1 b5 21. Qb3
Nb6 22. Rc5 Nc4 23. Bxc4 dxc4 24. Qc2 f5 25. a4 Rab8 26. axb5 axb5 27. Ra1 Rfc8
28. Re5 Qd7 29. Ra5 g6 30. Kf1 Re8 31. Rc5 Rec8 32. Re5 Re8 33. Rexb5 Rbc8 34.
Rc5 Rxc5 35. Rxc5 Qd6 36. Qxc4+ Kh8 37. Rc8 Rxc8 38. Qxc8+ Kg7 39. Qb7+ Kh6 40.
Kg1 Qe6 41. b5 Qb3 42. b6 Qd1+ 43. Kh2 Qe2 44. Kg3 g5 45. Qc6+ Kh5 46. Qe8+ Kh6
47. Qe6+ Kg7 48. Qxf5 h6 49. b7 Qb2 50. Qd7+ Kg6 51. Qd6+ Kh5 52. b8=Q 1-0